[Event "XLIV Memoriał Szachowy Ludwika Zamenhofa 2025, Grupa B"]
[Site "Bialystok, Poland"]
[Date "2025.12.30"]
[Round "8.24"]
[White "Wasiluk, Mateusz"]
[Black "Wnorowski, Wiktor"]
[Result "0-1"]
[TimeControl "90'+30\""]
[WhiteElo "1890"]
[BlackElo "1838"]

1. e4 {[%clk 01:30:56]} {[%emt 00:00:03]} e6 {[%clk 01:30:53]} {[%emt
00:00:07]} 2. d4 {[%clk 01:31:22]} {[%emt 00:00:05]} d5 {[%clk 01:31:19]}
{[%emt 00:00:04]} 3. Nc3 {[%clk 01:31:47]} {[%emt 00:00:05]} Nf6 {[%clk
01:31:43]} {[%emt 00:00:06]} 4. e5 {[%clk 01:32:11]} {[%emt 00:00:06]} Nfd7
{[%clk 01:32:08]} {[%emt 00:00:05]} 5. f4 {[%clk 01:32:34]} {[%emt 00:00:08]}
c5 {[%clk 01:32:33]} {[%emt 00:00:05]} 6. Nf3 {[%clk 01:32:57]} {[%emt
00:00:07]} Nc6 {[%clk 01:32:57]} {[%emt 00:00:06]} 7. Be3 {[%clk 01:33:20]}
{[%emt 00:00:06]} Rb8 {[%clk 01:33:19]} {[%emt 00:00:08]} 8. Qd2 {[%clk
01:26:10]} {[%emt 00:07:41]} Qa5 {[%clk 01:33:30]} {[%emt 00:00:19]} 9. Be2
{[%clk 01:24:39]} {[%emt 00:02:01]} b5 {[%clk 01:33:12]} {[%emt 00:00:48]} 10.
O-O {[%clk 01:24:36]} {[%emt 00:00:32]} b4 {[%clk 01:33:10]} {[%emt 00:00:34]}
11. Nd1 {[%clk 01:24:57]} {[%emt 00:00:09]} cxd4 {[%clk 01:27:25]} {[%emt
00:06:15]} 12. Nxd4 {[%clk 01:24:57]} {[%emt 00:00:30]} Nxd4 {[%clk 01:27:37]}
{[%emt 00:00:17]} 13. Bxd4 {[%clk 01:25:14]} {[%emt 00:00:13]} Bc5 {[%clk
01:27:38]} {[%emt 00:00:29]} 14. Ne3 {[%clk 01:08:02]} {[%emt 00:17:41]} Bxd4
{[%clk 01:24:01]} {[%emt 00:04:08]} 15. Qxd4 {[%clk 01:08:23]} {[%emt
00:00:09]} Qc5 {[%clk 01:22:21]} {[%emt 00:02:09]} 16. Rfd1 {[%clk 01:04:16]}
{[%emt 00:04:37]} O-O {[%clk 01:22:07]} {[%emt 00:00:44]} 17. a3 {[%clk
00:58:06]} {[%emt 00:06:40]} Qxd4 {[%clk 01:18:29]} {[%emt 00:04:08]} 18. Rxd4
{[%clk 00:58:28]} {[%emt 00:00:08]} bxa3 {[%clk 01:18:51]} {[%emt 00:00:08]} 19.
Rxa3 {[%clk 00:58:51]} {[%emt 00:00:07]} Rxb2 {[%clk 01:18:46]} {[%emt
00:00:34]} 20. Rxa7 {[%clk 00:59:13]} {[%emt 00:00:09]} Rb1+ {[%clk 01:15:57]}
{[%emt 00:03:19]} 21. Rd1 {[%clk 00:55:57]} {[%emt 00:03:46]} Rxd1+ {[%clk
01:15:50]} {[%emt 00:00:37]} 22. Bxd1 {[%clk 00:55:01]} {[%emt 00:01:26]} Rd8
{[%clk 01:11:25]} {[%emt 00:04:54]} 23. Be2 {[%clk 00:49:12]} {[%emt 00:06:20]}
Nb6 {[%clk 01:07:04]} {[%emt 00:04:51]} 24. Bb5 {[%clk 00:46:13]} {[%emt
00:03:29]} h6 {[%clk 01:03:35]} {[%emt 00:04:00]} 25. g4 {[%clk 00:40:47]}
{[%emt 00:05:55]} Bd7 {[%clk 01:02:38]} {[%emt 00:01:27]} 26. Rb7 {[%clk
00:33:16]} {[%emt 00:08:02]} Bxb5 {[%clk 01:02:15]} {[%emt 00:00:52]} 27. Rxb6
{[%clk 00:33:38]} {[%emt 00:00:08]} d4 {[%clk 00:58:49]} {[%emt 00:03:56]} 28.
Rxb5 {[%clk 00:31:44]} {[%emt 00:02:24]} dxe3 {[%clk 00:59:09]} {[%emt
00:00:10]} 29. Rb1 {[%clk 00:31:40]} {[%emt 00:00:34]} Rd4 {[%clk 00:57:20]}
{[%emt 00:02:18]} 30. Re1 {[%clk 00:30:47]} {[%emt 00:01:23]} Rxf4 {[%clk
00:57:28]} {[%emt 00:00:22]} 31. Rxe3 {[%clk 00:31:06]} {[%emt 00:00:11]} Rxg4+
{[%clk 00:57:53]} {[%emt 00:00:05]} 32. Kf2 {[%clk 00:31:29]} {[%emt 00:00:07]}
Rc4 {[%clk 00:57:55]} {[%emt 00:00:28]} 33. c3 {[%clk 00:31:51]} {[%emt
00:00:09]} Kf8 {[%clk 00:57:31]} {[%emt 00:00:53]} 34. Ke2 {[%clk 00:31:50]}
{[%emt 00:00:31]} Ke7 {[%clk 00:57:11]} {[%emt 00:00:51]} 35. Kd3 {[%clk
00:32:09]} {[%emt 00:00:11]} Rc8 {[%clk 00:56:08]} {[%emt 00:01:33]} 36. c4
{[%clk 00:31:49]} {[%emt 00:00:49]} f5 {[%clk 00:53:47]} {[%emt 00:02:51]} 37.
exf6+ {[%clk 00:32:12]} {[%emt 00:00:07]} gxf6 {[%clk 00:54:09]} {[%emt
00:00:08]} 38. Rh3 {[%clk 00:32:34]} {[%emt 00:00:08]} Rh8 {[%clk 00:53:30]}
{[%emt 00:01:08]} 39. Kd4 {[%clk 00:31:01]} {[%emt 00:02:04]} e5+ {[%clk
00:52:10]} {[%emt 00:01:50]} 40. Ke4 {[%clk 00:31:24]} {[%emt 00:00:07]} Ke6
{[%clk 00:52:20]} {[%emt 00:00:21]} 41. Ra3 {[%clk 00:31:21]} {[%emt 00:00:33]}
Rd8 {[%clk 00:51:10]} {[%emt 00:01:39]} 42. Rh3 {[%clk 00:29:54]} {[%emt
00:01:57]} Rd4+ {[%clk 00:50:27]} {[%emt 00:01:13]} 43. Ke3 {[%clk 00:30:16]}
{[%emt 00:00:08]} Rxc4 {[%clk 00:50:46]} {[%emt 00:00:10]} 44. Rxh6 {[%clk
00:30:40]} {[%emt 00:00:07]} Ra4 {[%clk 00:49:08]} {[%emt 00:02:09]} 45. Rh8
{[%clk 00:30:50]} {[%emt 00:00:20]} Ra3+ {[%clk 00:49:23]} {[%emt 00:00:14]} 46.
Ke2 {[%clk 00:30:59]} {[%emt 00:00:22]} f5 {[%clk 00:49:26]} {[%emt 00:00:27]}
47. h4 {[%clk 00:28:14]} {[%emt 00:03:15]} f4 {[%clk 00:49:06]} {[%emt
00:00:50]} 48. h5 {[%clk 00:27:59]} {[%emt 00:00:45]} Kf5 {[%clk 00:49:20]}
{[%emt 00:00:16]} 49. h6 {[%clk 00:27:32]} {[%emt 00:00:57]} Ke4 {[%clk
00:49:14]} {[%emt 00:00:35]} 50. Rb8 {[%clk 00:22:23]} {[%emt 00:05:40]} Ra2+
{[%clk 00:49:21]} {[%emt 00:00:23]} 51. Kf1 {[%clk 00:22:39]} {[%emt 00:00:13]}
Rh2 {[%clk 00:49:43]} {[%emt 00:00:08]} 52. Rb6 {[%clk 00:23:03]} {[%emt
00:00:06]} Kf3 {[%clk 00:49:31]} {[%emt 00:00:40]} 53. Kg1 {[%clk 00:19:58]}
{[%emt 00:03:37]} Rh5 {[%clk 00:48:34]} {[%emt 00:01:27]} 54. Rb3+ {[%clk
00:19:50]} {[%emt 00:00:38]} Kg4 {[%clk 00:47:22]} {[%emt 00:01:42]} 55. Rb6
{[%clk 00:19:50]} {[%emt 00:00:31]} e4 {[%clk 00:47:12]} {[%emt 00:00:39]} 56.
Kg2 {[%clk 00:14:24]} {[%emt 00:05:54]} f3+ {[%clk 00:31:21]} {[%emt 00:16:24]}
57. Kf2 {[%clk 00:14:44]} {[%emt 00:00:10]} Rh2+ {[%clk 00:27:50]} {[%emt
00:04:00]} 58. Kg1 {[%clk 00:14:50]} {[%emt 00:00:25]} f2+ {[%clk 00:27:30]}
{[%emt 00:00:50]} 59. Kxh2 {[%clk 00:09:42]} {[%emt 00:05:37]} f1=Q {[%clk
00:27:39]} {[%emt 00:00:21]} 60. Re6 {[%clk 00:10:04]} {[%emt 00:00:08]} Qf2+
{[%clk 00:27:54]} {[%emt 00:00:15]} 0-1

[Event "XLIV Memoriał Szachowy Ludwika Zamenhofa 2025, Grupa B"]
[Site "Bialystok, Poland"]
[Date "2025.12.30"]
[Round "8.25"]
[White "Zielinski, Krzysztof"]
[Black "Kaminski, Maciej"]
[Result "0-1"]
[TimeControl "90'+30\""]
[WhiteElo "1739"]
[BlackElo "1884"]

1. e4 {[%clk 01:30:57]} {[%emt 00:00:02]} e5 {[%clk 01:30:52]} {[%emt
00:00:09]} 2. Nf3 {[%clk 01:31:22]} {[%emt 00:00:04]} Nc6 {[%clk 01:31:17]}
{[%emt 00:00:05]} 3. Bc4 {[%clk 01:31:46]} {[%emt 00:00:07]} Nf6 {[%clk
01:31:37]} {[%emt 00:00:10]} 4. Ng5 {[%clk 01:32:10]} {[%emt 00:00:06]} d5
{[%clk 01:31:56]} {[%emt 00:00:11]} 5. exd5 {[%clk 01:32:36]} {[%emt 00:00:05]}
Na5 {[%clk 01:32:14]} {[%emt 00:00:12]} 6. Bb5+ {[%clk 01:32:58]} {[%emt
00:00:08]} c6 {[%clk 01:32:38]} {[%emt 00:00:06]} 7. dxc6 {[%clk 01:33:24]}
{[%emt 00:00:04]} bxc6 {[%clk 01:33:03]} {[%emt 00:00:04]} 8. Be2 {[%clk
01:33:49]} {[%emt 00:00:05]} h6 {[%clk 01:33:29]} {[%emt 00:00:05]} 9. Nf3
{[%clk 01:34:14]} {[%emt 00:00:05]} e4 {[%clk 01:33:52]} {[%emt 00:00:06]} 10.
Ne5 {[%clk 01:34:37]} {[%emt 00:00:07]} Bc5 {[%clk 01:34:06]} {[%emt 00:00:17]}
11. c3 {[%clk 01:34:05]} {[%emt 00:01:02]} Qd5 {[%clk 01:29:41]} {[%emt
00:04:55]} 12. d4 {[%clk 01:33:08]} {[%emt 00:01:27]} exd3 {[%clk 01:27:59]}
{[%emt 00:02:11]} 13. Nxd3 {[%clk 01:33:26]} {[%emt 00:00:12]} Bb6 {[%clk
01:25:23]} {[%emt 00:03:06]} 14. Bf3 {[%clk 01:32:47]} {[%emt 00:01:10]} Qe6+
{[%clk 01:24:28]} {[%emt 00:01:25]} 15. Qe2 {[%clk 01:33:02]} {[%emt 00:00:16]}
Qxe2+ {[%clk 01:18:58]} {[%emt 00:05:59]} 16. Bxe2 {[%clk 01:33:21]} {[%emt
00:00:11]} O-O {[%clk 01:16:33]} {[%emt 00:02:54]} 17. O-O {[%clk 01:33:20]}
{[%emt 00:00:32]} Re8 {[%clk 01:16:47]} {[%emt 00:00:16]} 18. Bf3 {[%clk
01:33:23]} {[%emt 00:00:27]} Ba6 {[%clk 01:16:57]} {[%emt 00:00:20]} 19. Nb4
{[%clk 01:28:27]} {[%emt 00:05:26]} Bxf1 {[%clk 01:16:29]} {[%emt 00:00:58]} 20.
Kxf1 {[%clk 01:28:52]} {[%emt 00:00:05]} Rad8 {[%clk 01:16:39]} {[%emt
00:00:18]} 21. Nd2 {[%clk 01:27:34]} {[%emt 00:01:49]} c5 {[%clk 01:13:05]}
{[%emt 00:04:05]} 22. Nc2 {[%clk 01:27:06]} {[%emt 00:00:57]} Nd5 {[%clk
01:13:19]} {[%emt 00:00:16]} 23. Ne4 {[%clk 01:25:24]} {[%emt 00:02:12]} Nc4
{[%clk 01:11:52]} {[%emt 00:01:57]} 24. Ng3 {[%clk 01:24:09]} {[%emt 00:01:45]}
Nf6 {[%clk 01:11:03]} {[%emt 00:01:19]} 25. Ne3 {[%clk 01:23:21]} {[%emt
00:01:17]} Nxe3+ {[%clk 01:06:29]} {[%emt 00:05:06]} 26. Bxe3 {[%clk 01:23:27]}
{[%emt 00:00:23]} c4 {[%clk 01:06:48]} {[%emt 00:00:12]} 27. Bxb6 {[%clk
01:22:16]} {[%emt 00:01:40]} axb6 {[%clk 01:07:10]} {[%emt 00:00:08]} 28. Nf5
{[%clk 01:18:56]} {[%emt 00:03:49]} Ne4 {[%clk 01:04:46]} {[%emt 00:02:55]} 29.
Kg1 {[%clk 01:16:40]} {[%emt 00:02:45]} Rd2 {[%clk 01:02:52]} {[%emt 00:02:26]}
30. Ne3 {[%clk 01:14:59]} {[%emt 00:02:10]} b5 {[%clk 01:02:08]} {[%emt
00:01:15]} 31. Bxe4 {[%clk 01:13:59]} {[%emt 00:01:29]} Rxe4 {[%clk 01:02:27]}
{[%emt 00:00:11]} 32. b3 {[%clk 01:13:42]} {[%emt 00:00:48]} f5 {[%clk
01:00:35]} {[%emt 00:02:20]} 33. bxc4 {[%clk 01:12:27]} {[%emt 00:01:45]} bxc4
{[%clk 01:00:34]} {[%emt 00:00:31]} 34. Rb1 {[%clk 01:10:35]} {[%emt 00:02:23]}
f4 {[%clk 01:00:34]} {[%emt 00:00:30]} 35. Nf5 {[%clk 01:09:46]} {[%emt
00:01:19]} Rxa2 {[%clk 00:59:45]} {[%emt 00:01:18]} 36. h3 {[%clk 01:09:18]}
{[%emt 00:00:58]} Ree2 {[%clk 01:00:04]} {[%emt 00:00:11]} 37. Rb8+ {[%clk
01:09:30]} {[%emt 00:00:18]} Kf7 {[%clk 00:58:33]} {[%emt 00:02:01]} 38. Rb7+
{[%clk 01:07:50]} {[%emt 00:02:11]} Kf6 {[%clk 00:58:51]} {[%emt 00:00:12]} 39.
Nd6 {[%clk 01:07:48]} {[%emt 00:00:32]} Re1+ {[%clk 00:57:56]} {[%emt
00:01:25]} 40. Kh2 {[%clk 01:08:11]} {[%emt 00:00:07]} Rxf2 {[%clk 00:58:18]}
{[%emt 00:00:08]} 41. Rb6 {[%clk 01:07:57]} {[%emt 00:00:44]} Rff1 {[%clk
00:58:10]} {[%emt 00:00:38]} 42. Nxc4+ {[%clk 01:06:53]} {[%emt 00:01:34]} Kf7
{[%clk 00:58:22]} {[%emt 00:00:18]} 43. Nd6+ {[%clk 01:07:08]} {[%emt
00:00:15]} Kg8 {[%clk 00:58:31]} {[%emt 00:00:20]} 0-1

[Event "XLIV Memoriał Szachowy Ludwika Zamenhofa 2025, Grupa B"]
[Site "Bialystok, Poland"]
[Date "2025.12.30"]
[Round "8.26"]
[White "Markowski, Adam"]
[Black "Skiba, Igor"]
[Result "0-1"]
[TimeControl "90'+30\""]
[WhiteElo "1868"]
[BlackElo "1762"]

1. d4 {[%clk 01:30:59]} Nf6 {[%clk 01:31:23]} {[%emt 00:00:10]} 2. c4 {[%clk
01:31:51]} {[%emt 00:00:05]} c5 {[%clk 01:31:47]} {[%emt 00:00:06]} 3. d5
{[%clk 01:32:17]} {[%emt 00:00:05]} d6 {[%clk 01:32:06]} {[%emt 00:00:10]} 4.
Nc3 {[%clk 01:32:42]} {[%emt 00:00:05]} g6 {[%clk 01:32:33]} {[%emt 00:00:03]}
5. e4 {[%clk 01:33:01]} {[%emt 00:00:11]} Bg7 {[%clk 01:33:02]} {[%emt
00:00:03]} 6. Bd3 {[%clk 01:33:23]} {[%emt 00:00:07]} O-O {[%clk 01:33:27]}
{[%emt 00:00:05]} 7. Nf3 {[%clk 01:33:43]} {[%emt 00:00:09]} e6 {[%clk
01:33:53]} {[%emt 00:00:04]} 8. Nd2 {[%clk 01:33:33]} {[%emt 00:00:40]} exd5
{[%clk 01:32:39]} {[%emt 00:01:45]} 9. cxd5 {[%clk 01:33:58]} {[%emt 00:00:05]}
Nbd7 {[%clk 01:26:12]} {[%emt 00:06:56]} 10. Nc4 {[%clk 01:33:27]} {[%emt
00:01:01]} Nb6 {[%clk 01:25:24]} {[%emt 00:01:18]} 11. Nxb6 {[%clk 01:33:04]}
{[%emt 00:00:53]} Qxb6 {[%clk 01:25:50]} {[%emt 00:00:05]} 12. O-O {[%clk
01:32:54]} {[%emt 00:00:39]} Re8 {[%clk 01:22:43]} {[%emt 00:03:37]} 13. Qc2
{[%clk 01:30:43]} {[%emt 00:02:42]} Nd7 {[%clk 01:20:18]} {[%emt 00:02:55]} 14.
h3 {[%clk 01:27:45]} {[%emt 00:03:27]} Ne5 {[%clk 01:17:38]} {[%emt 00:03:10]}
15. Be2 {[%clk 01:27:31]} {[%emt 00:00:45]} f5 {[%clk 01:12:22]} {[%emt
00:05:47]} 16. Qa4 {[%clk 01:12:31]} {[%emt 00:15:30]} Rf8 {[%clk 01:01:45]}
{[%emt 00:11:06]} 17. f4 {[%clk 00:59:45]} {[%emt 00:13:16]} c4+ {[%clk
00:58:35]} {[%emt 00:03:40]} 18. Kh2 {[%clk 00:58:49]} {[%emt 00:01:26]} Nd3
{[%clk 00:58:33]} {[%emt 00:00:33]} 19. Bxd3 {[%clk 00:50:29]} {[%emt
00:08:49]} cxd3 {[%clk 00:59:00]} {[%emt 00:00:03]} 20. exf5 {[%clk 00:42:53]}
{[%emt 00:08:06]} Bxf5 {[%clk 00:55:00]} {[%emt 00:04:29]} 21. Qa3 {[%clk
00:39:37]} {[%emt 00:03:47]} h5 {[%clk 00:50:59]} {[%emt 00:04:31]} 22. Bd2
{[%clk 00:39:08]} {[%emt 00:00:59]} Rae8 {[%clk 00:49:12]} {[%emt 00:02:17]} 23.
Rae1 {[%clk 00:29:32]} {[%emt 00:10:06]} Rxe1 {[%clk 00:44:34]} {[%emt
00:05:08]} 24. Rxe1 {[%clk 00:29:23]} {[%emt 00:00:39]} Qf2 {[%clk 00:43:30]}
{[%emt 00:01:34]} 25. Nb1 {[%clk 00:27:58]} {[%emt 00:01:55]} h4 {[%clk
00:38:56]} {[%emt 00:05:04]} 26. Qxd6 {[%clk 00:23:45]} {[%emt 00:04:42]} Qg3+
{[%clk 00:36:55]} {[%emt 00:02:32]} 27. Kh1 {[%clk 00:23:51]} {[%emt 00:00:24]}
Bxh3 {[%clk 00:36:24]} {[%emt 00:00:14]} 28. Rg1 {[%clk 00:20:31]} {[%emt
00:04:37]} Bd4 {[%clk 00:32:53]} {[%emt 00:04:01]} 29. Be1 {[%clk 00:16:02]}
{[%emt 00:04:59]} Bxg2+ {[%clk 00:32:54]} {[%emt 00:00:29]} 30. Rxg2 {[%clk
00:16:08]} {[%emt 00:00:24]} Qh3+ {[%clk 00:33:22]} {[%emt 00:00:02]} 31. Rh2
{[%clk 00:16:23]} {[%emt 00:00:14]} Qf1# {[%clk 00:33:19]} {[%emt 00:00:02]}
0-1

[Event "XLIV Memoriał Szachowy Ludwika Zamenhofa 2025, Grupa B"]
[Site "Bialystok, Poland"]
[Date "2025.12.30"]
[Round "8.27"]
[White "Wnorowski, Lukasz"]
[Black "Pidluznij, Matvej"]
[Result "1-0"]
[TimeControl "90'+30\""]
[WhiteElo "1616"]
[BlackElo "1868"]

1. e4 {[%clk 01:30:50]} {[%emt 00:00:08]} e5 {[%clk 01:19:20]} {[%emt
00:11:41]} 2. Nf3 {[%clk 01:31:13]} {[%emt 00:00:06]} Nc6 {[%clk 01:19:48]}
{[%emt 00:00:02]} 3. Bb5 {[%clk 01:31:35]} {[%emt 00:00:09]} a6 {[%clk
01:20:14]} {[%emt 00:00:05]} 4. Bxc6 {[%clk 01:31:59]} {[%emt 00:00:05]} dxc6
{[%clk 01:20:40]} {[%emt 00:00:04]} 5. O-O {[%clk 01:32:12]} {[%emt 00:00:17]}
Bg4 {[%clk 01:18:18]} {[%emt 00:02:52]} 6. h3 {[%clk 01:32:27]} {[%emt
00:00:15]} h5 {[%clk 01:18:24]} {[%emt 00:00:24]} 7. d3 {[%clk 01:32:43]}
{[%emt 00:00:14]} Qf6 {[%clk 01:17:30]} {[%emt 00:01:24]} 8. Nc3 {[%clk
01:33:01]} {[%emt 00:00:13]} Ne7 {[%emt 00:18:48]} 9. Be3 {[%clk 01:21:10]}
{[%emt 00:12:16]} Bxf3 {[%clk 00:55:31]} {[%emt 00:04:14]} 10. Qxf3 {[%clk
01:21:08]} {[%emt 00:00:32]} Qxf3 {[%clk 00:55:12]} {[%emt 00:00:50]} 11. gxf3
{[%clk 01:21:34]} {[%emt 00:00:05]} Ng6 {[%clk 00:55:16]} {[%emt 00:00:25]} 12.
Ne2 {[%clk 01:20:47]} {[%emt 00:01:17]} Bd6 {[%clk 00:54:19]} {[%emt 00:01:27]}
13. Kh2 {[%clk 01:17:41]} {[%emt 00:03:36]} f6 {[%clk 00:37:54]} {[%emt
00:16:55]} 14. Kg3 {[%clk 01:15:57]} {[%emt 00:02:14]} Kf7 {[%clk 00:32:18]}
{[%emt 00:06:07]} 15. f4 {[%clk 01:14:10]} {[%emt 00:02:17]} exf4+ {[%clk
00:29:06]} {[%emt 00:03:42]} 16. Nxf4 {[%clk 01:13:17]} {[%emt 00:01:23]} Nxf4
17. Bxf4 {[%clk 01:13:31]} Bxf4+ {[%clk 00:28:07]} {[%emt 00:00:05]} 18. Kxf4
{[%clk 01:13:55]} {[%emt 00:00:06]} Rhe8 {[%clk 00:24:04]} {[%emt 00:04:33]} 19.
d4 {[%clk 01:12:39]} {[%emt 00:01:46]} Rad8 {[%clk 00:24:02]} {[%emt 00:00:31]}
20. Rad1 {[%clk 01:12:30]} {[%emt 00:00:39]} Rd7 {[%clk 00:23:34]} {[%emt
00:00:59]} 21. Rfe1 {[%clk 01:09:04]} {[%emt 00:03:55]} g5+ {[%clk 00:19:35]}
{[%emt 00:04:30]} 22. Kg3 {[%clk 01:07:56]} {[%emt 00:01:34]} f5 {[%clk
00:16:02]} {[%emt 00:04:08]} 23. e5 {[%clk 01:03:33]} {[%emt 00:04:52]} Ke6
{[%clk 00:15:34]} {[%emt 00:00:58]} 24. f4 {[%clk 01:01:31]} {[%emt 00:02:31]}
h4+ {[%clk 00:12:35]} {[%emt 00:03:29]} 25. Kf3 {[%clk 01:01:35]} {[%emt
00:00:26]} Rg8 {[%clk 00:11:30]} {[%emt 00:01:36]} 26. Rg1 {[%clk 01:00:02]}
{[%emt 00:02:03]} Rdg7 {[%clk 00:08:46]} {[%emt 00:03:13]} 27. fxg5 {[%clk
00:58:12]} {[%emt 00:02:20]} Rxg5 {[%clk 00:08:59]} {[%emt 00:00:18]} 28. Rxg5
Rxg5 {[%emt 00:00:03]} 29. c4 {[%clk 00:58:19]} {[%emt 00:00:51]} Rg3+ {[%clk
00:04:24]} {[%emt 00:05:34]} 30. Kf4 {[%clk 00:58:43]} {[%emt 00:00:07]} Rxh3
{[%clk 00:04:44]} {[%emt 00:00:09]} 31. d5+ {[%clk 00:58:42]} {[%emt 00:00:31]}
Ke7 {[%clk 00:03:11]} {[%emt 00:02:03]} 32. Kxf5 {[%clk 00:58:32]} {[%emt
00:00:40]} Rf3+ {[%clk 00:03:15]} {[%emt 00:00:26]} 33. Ke4 {[%clk 00:55:55]}
{[%emt 00:03:07]} Rg3 {[%clk 00:02:48]} {[%emt 00:00:57]} 34. Kf4 {[%clk
00:56:07]} {[%emt 00:00:18]} Rg2 {[%clk 00:02:33]} {[%emt 00:00:45]} 35. Rh1
{[%clk 00:54:19]} {[%emt 00:02:18]} cxd5 {[%clk 00:02:52]} {[%emt 00:00:11]} 36.
cxd5 {[%clk 00:54:22]} {[%emt 00:00:27]} Rd2 {[%clk 00:02:47]} {[%emt
00:00:35]} 37. Rxh4 {[%clk 00:52:27]} {[%emt 00:02:24]} Rd4+ {[%clk 00:02:55]}
{[%emt 00:00:22]} 38. Kg5 {[%clk 00:52:49]} {[%emt 00:00:08]} Rxd5 {[%clk
00:03:19]} {[%emt 00:00:07]} 39. Kf5 {[%clk 00:53:12]} {[%emt 00:00:07]} Rc5
{[%clk 00:00:55]} {[%emt 00:02:54]} 40. Rh7+ {[%clk 00:53:33]} {[%emt
00:00:08]} Ke8 {[%clk 00:00:50]} {[%emt 00:00:36]} 41. Kf6 {[%clk 00:52:52]}
{[%emt 00:01:11]} Rc2 {[%clk 00:00:42]} {[%emt 00:00:37]} 42. Rh8+ {[%clk
00:53:03]} {[%emt 00:00:20]} Kd7 {[%clk 00:01:06]} {[%emt 00:00:06]} 43. e6+
{[%clk 00:53:23]} {[%emt 00:00:10]} Kd6 {[%clk 00:00:35]} {[%emt 00:01:01]} 44.
Rd8+ {[%clk 00:53:45]} {[%emt 00:00:08]} Kc6 {[%clk 00:00:55]} {[%emt
00:00:10]} 45. e7 {[%clk 00:53:59]} {[%emt 00:00:15]} Rf2 {[%clk 00:00:54]}
{[%emt 00:00:30]} 46. Kg5 {[%clk 00:54:24]} {[%emt 00:00:07]} Re2 {[%clk
00:00:31]} {[%emt 00:00:54]} 47. e8=Q+ {[%clk 00:54:48]} {[%emt 00:00:06]} Rxe8
{[%clk 00:00:59]} {[%emt 00:00:02]} 48. Rxe8 {[%clk 00:55:10]} {[%emt
00:00:08]} Kc5 {[%clk 00:00:32]} {[%emt 00:00:56]} 49. Kf4 {[%clk 00:55:33]}
{[%emt 00:00:07]} a5 {[%clk 00:00:43]} {[%emt 00:00:19]} 50. Re6 {[%clk
00:55:51]} {[%emt 00:00:18]} b5 {[%clk 00:00:49]} {[%emt 00:00:18]} 51. Ke4
{[%clk 00:56:11]} {[%emt 00:00:09]} a4 {[%clk 00:00:50]} {[%emt 00:00:30]} 52.
Kd3 {[%clk 00:56:24]} {[%emt 00:00:16]} Kd5 {[%clk 00:00:35]} {[%emt 00:00:45]}
53. Rh6 {[%clk 00:56:43]} {[%emt 00:00:10]} c5 {[%clk 00:01:01]} {[%emt
00:00:06]} 54. b3 {[%clk 00:57:03]} {[%emt 00:00:09]} c4+ {[%clk 00:00:48]}
{[%emt 00:00:44]} 55. bxc4+ {[%clk 00:57:20]} {[%emt 00:00:12]} Kc5 {[%clk
00:01:15]} {[%emt 00:00:04]} 56. Rh5+ {[%clk 00:57:36]} {[%emt 00:00:13]} Kb4
{[%clk 00:01:40]} {[%emt 00:00:06]} 57. Rxb5+ {[%clk 00:57:59]} {[%emt
00:00:07]} Ka3 {[%clk 00:02:08]} {[%emt 00:00:02]} 58. c5 {[%clk 00:58:11]}
{[%emt 00:00:18]} Kxa2 {[%clk 00:02:33]} {[%emt 00:00:05]} 59. Kc2 {[%clk
00:58:21]} {[%emt 00:00:20]} a3 {[%clk 00:02:42]} {[%emt 00:00:21]} 60. Ra5
{[%clk 00:58:45]} {[%emt 00:00:05]} Ka1 {[%clk 00:03:09]} {[%emt 00:00:03]} 61.
Rxa3# {[%clk 00:59:11]} {[%emt 00:00:05]} 1-0